[Event "Magyar Rapid Bajnokság"]
[Site "Ajka"]
[Date "2019.07.20"]
[Round "5.16"]
[White "Varga, Peter"]
[Black "Borhy, Marcell"]
[Result "1/2-1/2"]
[WhiteElo "2354"]
[BlackElo "2018"]
[PlyCount "39"]
[EventDate "2019.07.19"]
[EventType "swiss"]
[EventRounds "13"]
[EventCountry "HUN"]

1. Nf3 d6 2. g3 e5 3. d3 Nf6 4. c4 c6 5. Bg2 Be7 6. O-O O-O 7. Nc3 h6 8. Rb1
Be6 9. b4 Nbd7 10. b5 d5 11. bxc6 bxc6 12. Nd2 Qa5 13. Qc2 Rab8 14. Rb3 Qa6 15.
Ncb1 Rb6 16. Ba3 Rxb3 17. Bxe7 Rbb8 18. Bxf8 Kxf8 19. cxd5 cxd5 20. Rc1 1/2-1/2

[Event "Magyar Rapid Bajnokság"]
[Site "Ajka"]
[Date "2019.07.20"]
[Round "5.17"]
[White "Erseki, Tamara"]
[Black "Csiszar, Csaba"]
[Result "1/2-1/2"]
[WhiteElo "1847"]
[BlackElo "2351"]
[PlyCount "122"]
[EventDate "2019.07.19"]
[EventType "swiss"]
[EventRounds "13"]
[EventCountry "HUN"]

1. e4 c5 2. Nf3 Nc6 3. d4 cxd4 4. Nxd4 e5 5. Nb5 d6 6. N1c3 a6 7. Na3 b5 8. Nd5
Nge7 9. Bg5 f6 10. Be3 Nxd5 11. Qxd5 Bb7 12. Be2 Qa5+ 13. Bd2 Qc7 14. O-O Nd4
15. Nxb5 axb5 16. Bxb5+ Ke7 17. Qc4 Qxc4 18. Bxc4 Bxe4 19. c3 Ne6 20. f3 Bc6
21. b4 d5 22. Bb3 Kd7 23. a4 Be7 24. b5 Bb7 25. a5 Rhb8 26. a6 Bc5+ 27. Kh1
Bxa6 28. Bxd5 Bb7 29. Bxb7 Rxa1 30. Bc6+ Kc7 31. Rxa1 Nd8 32. Ra6 Bb6 33. Be8
Nb7 34. Bc6 Rd8 35. Ra2 Na5 36. g3 Nxc6 37. bxc6 Kxc6 38. Kg2 f5 39. Kf1 Bc5
40. Ke2 Kb5 41. Rb2+ Kc6 42. Be3 Rd7 43. Rb8 Bd6 44. Rb6+ Kd5 45. Kd3 e4+ 46.
fxe4+ fxe4+ 47. Ke2 Be5 48. Rb5+ Ke6 49. c4 Rd3 50. Rb6+ Kf5 51. c5 Rc3 52. Kd2
Rc4 53. Rb7 Ke6 54. Bf4 Bd4 55. Bd6 h5 56. Re7+ Kd5 57. Rf7 g6 58. Rf4 Ra4 59.
h3 Ra2+ 60. Ke1 Bc3+ 61. Kf1 e3 1/2-1/2

[Event "Magyar Rapid Bajnokság"]
[Site "Ajka"]
[Date "2019.07.20"]
[Round "5.20"]
[White "Terbe, Zsuzsanna"]
[Black "Hoang, Thanh Trang"]
[Result "0-1"]
[WhiteElo "2064"]
[BlackElo "2354"]
[PlyCount "50"]
[EventDate "2019.07.19"]
[EventType "swiss"]
[EventRounds "13"]
[EventCountry "HUN"]

1. e4 e6 2. d4 d5 3. Nd2 h6 4. Bd3 c5 5. exd5 exd5 6. Qe2+ Be7 7. dxc5 Nf6 8.
Ngf3 O-O 9. Nb3 Re8 10. Be3 a5 11. a4 Na6 12. Bxa6 Rxa6 13. O-O Ng4 14. Qd2
Nxe3 15. Qxe3 Bf6 16. Qd3 Bxb2 17. Rad1 Bf6 18. Qxd5 Qxd5 19. Rxd5 Be6 20. Rd6
Bc4 21. Rfd1 Bc3 22. Rxa6 Bxa6 23. Nfd4 Rd8 24. g3 Bc4 25. Rb1 Bxd4 0-1

[Event "Magyar Rapid Bajnokság"]
[Site "Ajka"]
[Date "2019.07.20"]
[Round "6.2"]
[White "Banusz, Tamas"]
[Black "Czebe, Attila"]
[Result "1-0"]
[WhiteElo "2620"]
[BlackElo "2505"]
[PlyCount "51"]
[EventDate "2019.07.19"]
[EventType "swiss"]
[EventRounds "13"]
[EventCountry "HUN"]

1. d4 Nf6 2. Nf3 b6 3. g3 Bb7 4. Bg2 g6 5. O-O Bg7 6. c4 O-O 7. d5 Ne4 8. Qc2
f5 9. Rd1 Na6 10. Be3 c5 11. dxc6 Bxc6 12. Nd4 Bb7 13. Ne6 dxe6 14. Rxd8 Rfxd8
15. Nd2 Nec5 16. Bxb7 Nxb7 17. Rd1 Nd6 18. Qa4 Nc5 19. Bxc5 bxc5 20. Nb3 Rdc8
21. Qd7 Kf8 22. Nxc5 Rxc5 23. Rxd6 Rac8 24. Rxe6 R8c7 25. Qd2 Rxc4 26. Qd8+ 1-0

[Event "Magyar Rapid Bajnokság"]
[Site "Ajka"]
[Date "2019.07.20"]
[Round "6.4"]
[White "Farago, Ivan"]
[Black "Gledura, Benjamin"]
[Result "0-1"]
[WhiteElo "2388"]
[BlackElo "2577"]
[PlyCount "38"]
[EventDate "2019.07.19"]
[EventType "swiss"]
[EventRounds "13"]
[EventCountry "HUN"]

1. d4 Nf6 2. c4 d6 3. Nf3 Nbd7 4. Nc3 e5 5. e4 g6 6. Be2 Bg7 7. O-O O-O 8. Be3
c6 9. d5 c5 10. Ne1 Kh8 11. Kh1 Ng8 12. g4 f5 13. gxf5 gxf5 14. exf5 Ndf6 15.
f4 exf4 16. Bxf4 Bxf5 17. Bxd6 Qxd6 18. Rxf5 Nh6 19. Rf1 Nfg4 0-1

[Event "Magyar Rapid Bajnokság"]
[Site "Ajka"]
[Date "2019.07.20"]
[Round "6.5"]
[White "Ruck, Robert"]
[Black "Horvath, Peter"]
[Result "1/2-1/2"]
[WhiteElo "2563"]
[BlackElo "2427"]
[PlyCount "112"]
[EventDate "2019.07.19"]
[EventType "swiss"]
[EventRounds "13"]
[EventCountry "HUN"]

1. Nf3 d5 2. d4 Nf6 3. c4 e6 4. Nc3 Bb4 5. Bg5 Nbd7 6. cxd5 exd5 7. Qc2 O-O 8.
a3 Bxc3+ 9. Qxc3 h6 10. Bh4 c6 11. Nd2 Qe8 12. f3 Qe6 13. e3 Re8 14. Bf2 b6 15.
Bd3 c5 16. O-O Bb7 17. Qc2 Rac8 18. Bf5 Qe7 19. Qd3 g6 20. Bh3 cxd4 21. Qxd4
Rc2 22. Rfc1 Rec8 23. Rxc2 Rxc2 24. Rb1 Ne5 25. Bh4 g5 26. Bg3 Nc4 27. Nxc4
Rxc4 28. Qe5 Qxe5 29. Bxe5 g4 30. fxg4 Ne4 31. g5 hxg5 32. Bd7 a6 33. Rd1 Bc8
34. Bxc8 Rxc8 35. h3 f6 36. Bd4 Rc6 37. Kf1 Kf7 38. Ke1 Ke6 39. b3 b5 40. Rb1
Rc2 41. Rb2 Rxb2 42. Bxb2 Nc5 43. Ke2 Nxb3 44. g3 Nc5 45. Kf3 Ne4 46. h4 gxh4
47. gxh4 Kf5 48. Bd4 a5 49. Bb2 Nd6 50. Bc3 Nc4 51. h5 Kg5 52. e4 dxe4+ 53.
Kxe4 Kxh5 54. Kf5 Nxa3 55. Bxa5 Nc4 56. Be1 Nd6+ 1/2-1/2

[Event "Magyar Rapid Bajnokság"]
[Site "Ajka"]
[Date "2019.07.20"]
[Round "6.9"]
[White "Csiszar, Csaba"]
[Black "Mihok, Oliver"]
[Result "0-1"]
[WhiteElo "2351"]
[BlackElo "2463"]
[PlyCount "170"]
[EventDate "2019.07.19"]
[EventType "swiss"]
[EventRounds "13"]
[EventCountry "HUN"]

1. d4 Nf6 2. Nf3 g6 3. c4 Bg7 4. Nc3 O-O 5. Bf4 d6 6. e3 c5 7. d5 b5 8. cxb5 a6
9. a4 Qa5 10. Nd2 Bb7 11. e4 Nbd7 12. Ra3 Qc7 13. Be2 axb5 14. Nxb5 Qd8 15. O-O
Ba6 16. b3 Ne8 17. Re1 Nc7 18. Nxc7 Qxc7 19. Nc4 Rfb8 20. Qc2 Nb6 21. Nd2 Qc8
22. h3 Bxe2 23. Rxe2 Qa6 24. Re1 Qa5 25. Rc1 Qb4 26. Ra2 Nd7 27. Bg5 Kf8 28.
Qd3 h6 29. Be3 Ne5 30. Qc2 Kg8 31. f4 Nd7 32. Qd3 Nb6 33. Kh1 Kh7 34. Qe2 Nd7
35. Rac2 Nf6 36. Qd3 Nd7 37. Bf2 Rb7 38. Bh4 Nb6 39. Be1 Nd7 40. Rc4 Qb6 41.
Bg3 Qa6 42. Qf3 Kg8 43. Re1 Rab8 44. Rc2 c4 45. Rxc4 Rxb3 46. Re3 Rb2 47. Rc7
Qxa4 48. Nc4 R2b7 49. Rc6 Rb1+ 50. Kh2 Bd4 51. e5 Qa1 52. Bf2 Bxe3 53. Bxe3
Rh1+ 54. Kg3 dxe5 55. f5 Nf6 56. fxg6 fxg6 57. Rxf6 exf6 58. Qxf6 Qe1+ 59. Bf2
Qc3+ 60. Ne3 Qc7 61. d6 Qf7 62. Qxe5 Re8 63. Qd4 Qe6 64. Ng4 Rd8 65. d7 h5 66.
Ne5 Rb1 67. Be3 Rb5 68. Bf4 Rxe5 69. Qxe5 Qxe5 70. Bxe5 Rxd7 71. Kf4 Kf7 72. g4
h4 73. Bc3 Rd3 74. Be1 Rxh3 75. Kg5 Rg3 76. Kf4 Rh3 77. Kg5 Rb3 78. Bxh4 Rb4
79. Be1 Rc4 80. Bd2 Rc5+ 81. Kh4 Kf6 82. Be3 Rd5 83. Bc1 Rb5 84. Bd2 Rb3 85.
Ba5 g5+ 0-1

[Event "Magyar Rapid Bajnokság"]
[Site "Ajka"]
[Date "2019.07.20"]
[Round "6.10"]
[White "Hera, Imre Jr"]
[Black "Deak, Sandor"]
[Result "1-0"]
[WhiteElo "2583"]
[BlackElo "2315"]
[PlyCount "149"]
[EventDate "2019.07.19"]
[EventType "swiss"]
[EventRounds "13"]
[EventCountry "HUN"]

1. Nf3 d5 2. g3 c6 3. Bg2 Nf6 4. O-O Bg4 5. c4 e6 6. cxd5 exd5 7. d3 Be7 8. h3
Bh5 9. Nc3 O-O 10. Qc2 Re8 11. e4 dxe4 12. dxe4 Bb4 13. Nh4 Bxc3 14. bxc3 Bg6
15. Nxg6 hxg6 16. Rb1 b6 17. f4 Qc7 18. e5 Nd5 19. c4 Ne7 20. Ba3 Nd7 21. Bd6
Qc8 22. g4 Qb7 23. Rbe1 Rad8 24. Qe4 Nc5 25. Qf3 Qa6 26. Qe2 Qa5 27. f5 gxf5
28. gxf5 Nc8 29. Bc7 Rd2 30. Qg4 Nd3 31. f6 g6 32. Re3 Qc5 33. Qg5 Re2 34. Rff3
Ne1 35. Kf1 Nxf3 36. Qh6 Re1+ 37. Rxe1 Qg1+ 38. Ke2 Qxg2+ 39. Kd1 Qd2+ 40. Qxd2
Nxd2 41. Kxd2 b5 42. cxb5 cxb5 43. Rb1 Nb6 44. Rxb5 Nd7 45. Ra5 Re6 46. Kd3 a6
47. Kd4 g5 48. Kd5 Kh7 49. Bd6 Kg6 50. Rxa6 Re8 51. Ra7 Nb6+ 52. Kc5 Nc8 53.
Rc7 Rh8 54. a4 Rxh3 55. Kd4 Nxd6 56. exd6 Kxf6 57. Kd5 Ra3 58. Rc4 Rd3+ 59. Kc6
Ke5 60. d7 f5 61. Kc7 g4 62. d8=Q Rxd8 63. Kxd8 g3 64. a5 g2 65. Rc1 f4 66. a6
f3 67. a7 f2 68. a8=Q f1=Q 69. Qa5+ Kf4 70. Qc7+ Ke4 71. Qc6+ Ke3 72. Rc3+ Kd2
73. Rc2+ Ke3 74. Rxg2 Qf8+ 75. Qe8+ 1-0

[Event "Magyar Rapid Bajnokság"]
[Site "Ajka"]
[Date "2019.07.20"]
[Round "6.20"]
[White "Medvegy, Zoltan"]
[Black "Margl, Roland"]
[Result "1/2-1/2"]
[WhiteElo "2515"]
[BlackElo "2106"]
[PlyCount "97"]
[EventDate "2019.07.19"]
[EventType "swiss"]
[EventRounds "13"]
[EventCountry "HUN"]

1. c4 e6 2. g3 d5 3. Bg2 Nf6 4. Nf3 d4 5. O-O Nc6 6. d3 Bc5 7. e4 dxe3 8. Bxe3
Nd4 9. Nbd2 O-O 10. Rb1 a5 11. Re1 Nxf3+ 12. Nxf3 Bxe3 13. fxe3 c5 14. d4 Qc7
15. Qe2 b6 16. e4 cxd4 17. e5 Nd7 18. Nxd4 Bb7 19. Rbd1 Bxg2 20. Kxg2 Rad8 21.
Nb5 Qc5 22. b3 a4 23. Rd6 Nb8 24. Qe3 axb3 25. Qxc5 bxc5 26. axb3 Rc8 27. Kf3
Nc6 28. Ke4 Rfd8 29. Ra1 Kf8 30. Ra6 Nb4 31. Ra7 h6 32. Rxd8+ Rxd8 33. Nd6 f5+
34. Ke3 Nc6 35. Nb7 Rb8 36. Nxc5 Rxb3+ 37. Nxb3 Nxa7 38. h4 g5 39. Nd4 Ke7 40.
c5 Kd7 41. hxg5 hxg5 42. Nf3 Kc6 43. Nxg5 Kxc5 44. Kf4 Kd5 45. Nh7 Nc6 46. Nf6+
Kd4 47. Nd7 Kd5 48. Nb6+ Kd4 49. Nd7 1/2-1/2

[Event "Magyar Rapid Bajnokság"]
[Site "Ajka"]
[Date "2019.07.20"]
[Round "7.1"]
[White "Banusz, Tamas"]
[Black "Almasi, Zoltan"]
[Result "1/2-1/2"]
[WhiteElo "2620"]
[BlackElo "2668"]
[PlyCount "44"]
[EventDate "2019.07.19"]
[EventType "swiss"]
[EventRounds "13"]
[EventCountry "HUN"]

1. d4 Nf6 2. Nf3 g6 3. g3 Bg7 4. Bg2 O-O 5. c4 d6 6. Nc3 c6 7. O-O Bf5 8. Ng5
e5 9. d5 c5 10. e4 Bc8 11. f3 Na6 12. Nh3 Bd7 13. Nf2 Rb8 14. Be3 b5 15. cxb5
Bxb5 16. Nxb5 Rxb5 17. b3 Rb7 18. Nd3 Nc7 19. Nb2 Nb5 20. Nc4 Nd4 21. Qd2 Qd7
22. Rae1 Re8 1/2-1/2

[Event "Magyar Rapid Bajnokság"]
[Site "Ajka"]
[Date "2019.07.20"]
[Round "7.2"]
[White "Gledura, Benjamin"]
[Black "Horvath, Adam"]
[Result "1-0"]
[WhiteElo "2577"]
[BlackElo "2476"]
[PlyCount "61"]
[EventDate "2019.07.19"]
[EventType "swiss"]
[EventRounds "13"]
[EventCountry "HUN"]

1. Nf3 c5 2. g3 Nc6 3. Bg2 g6 4. d4 cxd4 5. Nxd4 Bg7 6. Nxc6 bxc6 7. O-O Nf6 8.
c4 O-O 9. Nc3 Rb8 10. Qc2 c5 11. e4 d6 12. b3 Ng4 13. f4 Qa5 14. Bd2 Ne3 15.
Bxe3 Qxc3 16. Qxc3 Bxc3 17. Rad1 Bb7 18. e5 Rfe8 19. Rd3 Ba5 20. g4 Bc7 21. f5
a5 22. e6 fxe6 23. fxe6 Bxg2 24. Kxg2 Rf8 25. Rxf8+ Rxf8 26. Bh6 Rf6 27. Rf3 g5
28. Rxf6 exf6 29. Kf3 d5 30. cxd5 Bxh2 31. Ke4 1-0

[Event "Magyar Rapid Bajnokság"]
[Site "Ajka"]
[Date "2019.07.20"]
[Round "7.7"]
[White "Egresi, Mate"]
[Black "Hera, Imre Jr"]
[Result "0-1"]
[WhiteElo "2320"]
[BlackElo "2583"]
[PlyCount "90"]
[EventDate "2019.07.19"]
[EventType "swiss"]
[EventRounds "13"]
[EventCountry "HUN"]

1. d4 d5 2. c4 dxc4 3. e3 e5 4. Bxc4 exd4 5. exd4 Bd6 6. Nf3 Nf6 7. Qe2+ Qe7 8.
Qxe7+ Bxe7 9. Nc3 O-O 10. O-O Nbd7 11. Bf4 Nb6 12. Bb3 Bd6 13. Bxd6 cxd6 14.
Nb5 Rd8 15. Rac1 a6 16. Nc7 Rb8 17. Ng5 d5 18. Rfe1 Bg4 19. a4 h6 20. a5 Nc4
21. Bxc4 dxc4 22. Ne4 Rxd4 23. Nxf6+ gxf6 24. Re8+ Rxe8 25. Nxe8 Be2 26. f3 Rd2
27. Nxf6+ Kg7 28. Ne4 Rxb2 29. Nd6 b5 30. axb6 Rxb6 31. Nf5+ Kg6 32. Ne7+ Kg5
33. f4+ Kg4 34. Kf2 Rb2 35. Ke3 Bd3 36. Ng8 Re2+ 37. Kd4 Re6 38. g3 Bh7 39. h3+
Kxg3 40. Rg1+ Kxf4 41. Kxc4 h5 42. Rg7 Bg6 43. Nh6 Kg5 44. Nxf7+ Kf6 45. Nd8
Re4+ 0-1

[Event "Magyar Rapid Bajnokság"]
[Site "Ajka"]
[Date "2019.07.20"]
[Round "7.9"]
[White "Czebe, Attila"]
[Black "Bohus, Adam"]
[Result "1-0"]
[WhiteElo "2505"]
[BlackElo "2013"]
[PlyCount "69"]
[EventDate "2019.07.19"]
[EventType "swiss"]
[EventRounds "13"]
[EventCountry "HUN"]

1. Nf3 d5 2. g3 Nf6 3. Bg2 c6 4. c4 Bf5 5. O-O e6 6. d3 h6 7. cxd5 exd5 8. Nc3
Be7 9. Qb3 Qb6 10. Qc2 O-O 11. e4 Bh7 12. Re1 Na6 13. a3 Rfe8 14. Be3 Qd8 15.
b4 Nc7 16. Bc5 Bxc5 17. bxc5 dxe4 18. Nxe4 Nxe4 19. dxe4 Ne6 20. Qc3 Qe7 21.
Rac1 Rad8 22. h3 Nc7 23. Qa5 Ne6 24. Re3 Qc7 25. Qxa7 Ra8 26. Qb6 Qxb6 27. cxb6
Ra6 28. Rb1 Rea8 29. Ne5 Nd4 30. Rd3 c5 31. Nd7 Ne2+ 32. Kf1 c4 33. Re3 Nd4 34.
Rc3 Nb5 35. Rxb5 1-0

[Event "Magyar Rapid Bajnokság"]
[Site "Ajka"]
[Date "2019.07.20"]
[Round "7.16"]
[White "Csonka, Balazs"]
[Black "Gaal, Ede"]
[Result "1-0"]
[WhiteElo "2346"]
[BlackElo "2029"]
[PlyCount "37"]
[EventDate "2019.07.19"]
[EventType "swiss"]
[EventRounds "13"]
[EventCountry "HUN"]

1. e4 c5 2. Nf3 e6 3. b3 a6 4. Bb2 Qc7 5. c4 Nc6 6. g3 b6 7. Bg2 Bb7 8. O-O
Nge7 9. d4 cxd4 10. Nxd4 h5 11. Nc3 Nxd4 12. Qxd4 h4 13. Rfe1 hxg3 14. hxg3 Nc6
15. Nd5 Nxd4 16. Nxc7+ Kd8 17. Nxa8 Bc5 18. Bxd4 Bxd4 19. Rad1 1-0

[Event "Magyar Rapid Bajnokság"]
[Site "Ajka"]
[Date "2019.07.20"]
[Round "7.20"]
[White "Toviskes, Antal"]
[Black "Medvegy, Zoltan"]
[Result "0-1"]
[WhiteElo "2007"]
[BlackElo "2515"]
[PlyCount "80"]
[EventDate "2019.07.19"]
[EventType "swiss"]
[EventRounds "13"]
[EventCountry "HUN"]

1. e4 c5 2. Nc3 Nc6 3. g3 g6 4. Bg2 Bg7 5. d3 d6 6. f4 e6 7. Nf3 Nge7 8. O-O
O-O 9. Bd2 Rb8 10. Rb1 b5 11. a3 a5 12. a4 b4 13. Nb5 Nd4 14. Nbxd4 cxd4 15.
Rc1 Bd7 16. b3 e5 17. Qe2 Qc8 18. Rf2 Rb6 19. Qf1 Rc6 20. Ne1 Rc5 21. h3 f5 22.
Kh2 h6 23. Qe2 Be6 24. Qd1 Qc7 25. Rb1 exf4 26. gxf4 Rc8 27. Bc1 Kh7 28. Bb2
Rf8 29. Kh1 Qd7 30. Kh2 fxe4 31. dxe4 Rh5 32. f5 Nxf5 33. exf5 Bxf5 34. Rxf5
Qxf5 35. Qd3 Be5+ 36. Kh1 Rh4 37. Qxf5 Rxf5 38. Nf3 Rhf4 39. Ne1 Rf2 40. Rd1
Re2 0-1

[Event "Magyar Rapid Bajnokság"]
[Site "Ajka"]
[Date "2019.07.20"]
[Round "8.2"]
[White "Gledura, Benjamin"]
[Black "Banusz, Tamas"]
[Result "1-0"]
[WhiteElo "2577"]
[BlackElo "2620"]
[PlyCount "99"]
[EventDate "2019.07.19"]
[EventType "swiss"]
[EventRounds "13"]
[EventCountry "HUN"]

1. Nf3 d5 2. c4 c6 3. e3 Nf6 4. Nc3 g6 5. d4 Bg7 6. Be2 O-O 7. O-O Be6 8. cxd5
cxd5 9. Qb3 Qb6 10. Bd2 Nc6 11. Qxb6 axb6 12. Rfc1 Rfc8 13. b3 Ne4 14. Na4 Nxd2
15. Nxd2 Nb4 16. a3 Nc2 17. Ra2 Nxa3 18. Rxc8+ Rxc8 19. Rxa3 Rc2 20. Nxb6 Rxd2
21. Bf3 Rb2 22. g4 Bf8 23. h4 Kg7 24. Kg2 Rb1 25. Ra7 Rxb3 26. Nxd5 Bxd5 27.
Bxd5 Rb2 28. Bxb7 e6 29. Be4 Bb4 30. d5 Bc5 31. Rd7 Bxe3 32. dxe6 Rxf2+ 33. Kg3
Rf6 34. Bd5 Bf2+ 35. Kh3 Bc5 36. e7 Bxe7 37. Rxe7 h6 38. Kg3 Kf8 39. Ra7 Kg7
40. Rb7 Kf8 41. Rb3 Rd6 42. Rd3 Kg7 43. Kf4 Rf6+ 44. Ke5 Ra6 45. Rc3 Ra7 46.
Rf3 Re7+ 47. Kd6 Ra7 48. g5 hxg5 49. hxg5 Kf8 50. Rxf7+ 1-0

[Event "Magyar Rapid Bajnokság"]
[Site "Ajka"]
[Date "2019.07.20"]
[Round "8.3"]
[White "Czebe, Attila"]
[Black "Balog, Imre"]
[Result "1/2-1/2"]
[WhiteElo "2505"]
[BlackElo "2620"]
[PlyCount "84"]
[EventDate "2019.07.19"]
[EventType "swiss"]
[EventRounds "13"]
[EventCountry "HUN"]

1. Nf3 Nf6 2. g3 d5 3. Bg2 g6 4. b3 Bg7 5. Bb2 O-O 6. O-O c6 7. d3 a5 8. Nbd2
Re8 9. Rb1 Nbd7 10. e4 e5 11. Re1 d4 12. c3 Nc5 13. cxd4 Nxd3 14. dxe5 Ng4 15.
Rf1 Nxb2 16. Rxb2 Nxe5 17. Nxe5 Bxe5 18. Rc2 Be6 19. Nc4 Qxd1 20. Rxd1 Bc7 21.
f4 a4 22. e5 axb3 23. axb3 Red8 24. Rcd2 Rxd2 25. Rxd2 Ra1+ 26. Kf2 Rb1 27. Rd3
Kf8 28. Be4 Rc1 29. Nd6 Bxd6 30. Rxd6 Ke7 31. Rd4 c5 32. Rd6 b5 33. Bc6 b4 34.
Ba4 Rc2+ 35. Kg1 Ra2 36. Rb6 c4 37. Rb8 f5 38. Rb7+ Kd8 39. Rxb4 c3 40. Rd4+
Ke7 41. Rd1 Rb2 42. Rc1 Bxb3 1/2-1/2

[Event "Magyar Rapid Bajnokság"]
[Site "Ajka"]
[Date "2019.07.20"]
[Round "8.4"]
[White "Vertetics, Attila"]
[Black "Papp, Gabor"]
[Result "1/2-1/2"]
[WhiteElo "2496"]
[BlackElo "2589"]
[PlyCount "40"]
[EventDate "2019.07.19"]
[EventType "swiss"]
[EventRounds "13"]
[EventCountry "HUN"]

1. d4 Nf6 2. Nf3 e6 3. c4 c5 4. e3 d5 5. cxd5 exd5 6. Bb5+ Bd7 7. Bxd7+ Nbxd7
8. dxc5 Nxc5 9. O-O Be7 10. b3 O-O 11. Bb2 Qd7 12. Nc3 Rad8 13. Qe2 a6 14. Rfd1
Qf5 15. Rac1 Rfe8 16. Qc2 Qh5 17. Ne2 Ne6 18. Ng3 Qg6 19. Nf5 Ne4 20. Nxe7+
Rxe7 1/2-1/2

[Event "Magyar Rapid Bajnokság"]
[Site "Ajka"]
[Date "2019.07.20"]
[Round "8.5"]
[White "Hera, Imre Jr"]
[Black "Aczel, Gergely"]
[Result "1/2-1/2"]
[WhiteElo "2583"]
[BlackElo "2492"]
[PlyCount "32"]
[EventDate "2019.07.19"]
[EventType "swiss"]
[EventRounds "13"]
[EventCountry "HUN"]

1. Nf3 d5 2. g3 c6 3. Bg2 Nf6 4. O-O Bg4 5. c4 e6 6. cxd5 exd5 7. d3 Nbd7 8. h3
Bh5 9. Nc3 Bc5 10. Qb3 Bb6 11. Na4 O-O 12. Nxb6 axb6 13. Qc2 Re8 14. b3 Qe7 15.
e3 b5 16. Bb2 b4 1/2-1/2

[Event "Magyar Rapid Bajnokság"]
[Site "Ajka"]
[Date "2019.07.20"]
[Round "8.6"]
[White "Horvath, Peter"]
[Black "Prohaszka, Peter"]
[Result "1/2-1/2"]
[WhiteElo "2427"]
[BlackElo "2534"]
[PlyCount "109"]
[EventDate "2019.07.19"]
[EventType "swiss"]
[EventRounds "13"]
[EventCountry "HUN"]

1. d4 d5 2. Bf4 c5 3. e3 cxd4 4. exd4 Nc6 5. c3 Bf5 6. Nf3 e6 7. Bd3 Bxd3 8.
Qxd3 Nge7 9. Nbd2 Ng6 10. Bg3 Bd6 11. Bxd6 Qxd6 12. O-O O-O 13. Rfe1 Rad8 14.
Qe3 Rfe8 15. Ne5 Nf8 16. f4 f6 17. Nxc6 Qxc6 18. Qd3 Qd6 19. g3 Qb6 20. Kg2
Qxb2 21. Reb1 Qa3 22. Rxb7 Rc8 23. Rb3 Qa5 24. a4 Rc6 25. Raa3 Qc7 26. a5 Rb8
27. Rxb8 Qxb8 28. f5 Qd6 29. Rb3 a6 30. fxe6 Nxe6 31. Qe3 Qc7 32. Ra3 Nf8 33.
Qf3 Qd6 34. Rb3 Qd8 35. Rb6 Rxb6 36. axb6 Qxb6 37. Qxd5+ Qe6 38. Qxe6+ Nxe6 39.
Nb3 Kf7 40. Kf3 f5 41. c4 Kf6 42. Ke3 g5 43. d5 f4+ 44. Ke4 fxg3 45. hxg3 Ng7
46. g4 h5 47. gxh5 Nxh5 48. c5 Ng3+ 49. Kf3 Nf5 50. c6 Ke5 51. c7 Ne7 52. Nc5
Kxd5 53. Nxa6 Kc6 54. Kg4 Kb7 55. Nc5+ 1/2-1/2

[Event "Magyar Rapid Bajnokság"]
[Site "Ajka"]
[Date "2019.07.20"]
[Round "8.7"]
[White "Horvath, Adam"]
[Black "Deak, Sandor"]
[Result "1-0"]
[WhiteElo "2476"]
[BlackElo "2315"]
[PlyCount "39"]
[EventDate "2019.07.19"]
[EventType "swiss"]
[EventRounds "13"]
[EventCountry "HUN"]

1. e4 e5 2. Nf3 d6 3. d4 exd4 4. Nxd4 g6 5. Nc3 Bg7 6. Be3 Nf6 7. Qd2 O-O 8.
O-O-O Re8 9. f3 Nc6 10. g4 Be6 11. Nxe6 fxe6 12. g5 Nd7 13. h4 a6 14. h5 b5 15.
hxg6 hxg6 16. f4 Nc5 17. Qh2 Na4 18. Qh7+ Kf7 19. Rh6 Ne7 20. Bd4 1-0

[Event "Magyar Rapid Bajnokság"]
[Site "Ajka"]
[Date "2019.07.20"]
[Round "8.8"]
[White "Videki, Sandor"]
[Black "Horvath, Tamas"]
[Result "1/2-1/2"]
[WhiteElo "2401"]
[BlackElo "2306"]
[PlyCount "97"]
[EventDate "2019.07.19"]
[EventType "swiss"]
[EventRounds "13"]
[EventCountry "HUN"]

1. c4 c5 2. Nf3 Nf6 3. d4 cxd4 4. Nxd4 e6 5. Nc3 Bb4 6. Bd2 Nc6 7. Nxc6 bxc6 8.
a3 Be7 9. e4 d5 10. cxd5 cxd5 11. Bb5+ Bd7 12. e5 d4 13. exf6 dxc3 14. Bxc3
Bxf6 15. Bxf6 gxf6 16. Bxd7+ Qxd7 17. Qf3 Ke7 18. O-O Rac8 19. Rfd1 Qc6 20. Qe3
Qb6 21. Qe2 Rhd8 22. g3 Qb3 23. Rxd8 Rxd8 24. Rc1 Rd7 25. Qc2 Qxc2 26. Rxc2 f5
27. Kf1 h5 28. Ke2 Kf6 29. Rc4 e5 30. h4 e4 31. Rc6+ Ke5 32. Rc5+ Kf6 33. b4
Ke6 34. Ra5 Rc7 35. Kd2 Rd7+ 36. Ke2 Rc7 37. Kd2 Rd7+ 38. Kc2 Rc7+ 39. Kb3 Rd7
40. Kc4 Rd2 41. Rxa7 Rxf2 42. b5 Rb2 43. a4 e3 44. Ra8 Ke7 45. Ra7+ Ke6 46. Ra8
Ke7 47. Ra7+ Ke6 48. Ra8 Ke7 49. Ra7+ 1/2-1/2

[Event "Magyar Rapid Bajnokság"]
[Site "Ajka"]
[Date "2019.07.20"]
[Round "8.10"]
[White "Karacsonyi, Gellert"]
[Black "Csonka, Balazs"]
[Result "1/2-1/2"]
[WhiteElo "2112"]
[BlackElo "2346"]
[PlyCount "51"]
[EventDate "2019.07.19"]
[EventType "swiss"]
[EventRounds "13"]
[EventCountry "HUN"]

1. e4 e5 2. Nf3 Nc6 3. Bb5 a6 4. Bxc6 dxc6 5. O-O Bg4 6. h3 h5 7. d3 Qf6 8.
Nbd2 g5 9. Nc4 Bxf3 10. Qxf3 Qxf3 11. gxf3 f6 12. h4 gxh4 13. Kh2 Bh6 14. Rg1
Kf7 15. Rg2 Ne7 16. Bxh6 Rxh6 17. Ne3 Rg6 18. Rxg6 Nxg6 19. Nf5 c5 20. b3 Rd8
21. a4 a5 22. Kh3 b6 23. Rg1 Rh8 24. Rd1 Ke6 25. Rg1 Kf7 26. Rd1 1/2-1/2

[Event "Magyar Rapid Bajnokság"]
[Site "Ajka"]
[Date "2019.07.20"]
[Round "8.11"]
[White "Ruck, Robert"]
[Black "Martini, Balazs"]
[Result "1-0"]
[WhiteElo "2563"]
[BlackElo "2285"]
[PlyCount "33"]
[EventDate "2019.07.19"]
[EventType "swiss"]
[EventRounds "13"]
[EventCountry "HUN"]

1. Nf3 d5 2. d4 e6 3. c4 dxc4 4. e3 Nf6 5. Bxc4 c5 6. O-O Qc7 7. Qe2 cxd4 8.
exd4 Be7 9. Nc3 O-O 10. Bg5 Nc6 11. Rac1 Qa5 12. Rfd1 Bd7 13. d5 exd5 14. Nxd5
Rfe8 15. Bxf6 Bxf6 16. Nxf6+ gxf6 17. Bxf7+ 1-0

[Event "Magyar Rapid Bajnokság"]
[Site "Ajka"]
[Date "2019.07.20"]
[Round "8.12"]
[White "Medvegy, Zoltan"]
[Black "Varga, Klara"]
[Result "1-0"]
[WhiteElo "2515"]
[BlackElo "2205"]
[PlyCount "53"]
[EventDate "2019.07.19"]
[EventType "swiss"]
[EventRounds "13"]
[EventCountry "HUN"]

1. c4 e5 2. Nc3 Nf6 3. Nf3 Nc6 4. e3 Bb4 5. Qc2 Bxc3 6. Qxc3 Qe7 7. Be2 d5 8.
d4 Ne4 9. Qc2 Qb4+ 10. Nd2 exd4 11. cxd5 Bf5 12. dxc6 dxe3 13. fxe3 Ng3 14. Qb3
Qxb3 15. Nxb3 Nxh1 16. cxb7 Rb8 17. Bf3 O-O 18. Bd2 Rfe8 19. Ke2 Be4 20. Nc5
Bxf3+ 21. gxf3 Red8 22. Rxh1 Rd5 23. b4 Rg5 24. e4 Rg2+ 25. Ke3 Rd8 26. Nd7
Rxd2 27. Kxd2 1-0

[Event "Magyar Rapid Bajnokság"]
[Site "Ajka"]
[Date "2019.07.20"]
[Round "8.15"]
[White "Hoang, Thanh Trang"]
[Black "Szalanczi, Emil"]
[Result "1/2-1/2"]
[WhiteElo "2354"]
[BlackElo "2159"]
[PlyCount "132"]
[EventDate "2019.07.19"]
[EventType "swiss"]
[EventRounds "13"]
[EventCountry "HUN"]

1. d4 Nf6 2. Bf4 g6 3. e3 Bg7 4. Nf3 d6 5. Be2 O-O 6. O-O Nbd7 7. h3 Qe8 8. Bh2
Kh8 9. c4 e5 10. Nc3 Qe7 11. Rc1 Ne8 12. b4 e4 13. Nd2 f5 14. c5 Ndf6 15. Nc4
Be6 16. Nb5 Bxc4 17. Bxc4 d5 18. Be2 a6 19. Nc3 c6 20. a4 Bh6 21. b5 axb5 22.
axb5 Rg8 23. Ra1 Ng7 24. Qb3 Ne6 25. Be5 f4 26. Kh1 f3 27. gxf3 Bg7 28. fxe4
Nxe4 29. Bxg7+ Nxg7 30. Nxe4 Qxe4+ 31. Kh2 Qh4 32. Rxa8 Rxa8 33. bxc6 bxc6 34.
Bg4 Rf8 35. Qb2 h5 36. Bd1 Nf5 37. Qe2 Kg7 38. Bc2 Nh6 39. f3 Nf5 40. Bxf5 Rxf5
41. Qf2 Qf6 42. Qg3 h4 43. Qc7+ Kh6 44. f4 Qe6 45. Qd8 Kg7 46. Qc7+ Kh6 47. Qb8
Kg7 48. Qb3 Qe4 49. Rg1 Rf7 50. Rg5 Rxf4 51. exf4 Qxf4+ 52. Rg3 hxg3+ 53. Qxg3
Qd2+ 54. Kh1 Qd1+ 55. Kh2 Qd2+ 56. Kh1 Qd1+ 57. Kh2 Qxd4 58. Qc7+ Kh6 59. Qxc6
Qf2+ 60. Kh1 Qf1+ 61. Kh2 Qf2+ 62. Kh1 Qf1+ 63. Kh2 Qf2+ 64. Kh1 Qf1+ 65. Kh2
Qf2+ 66. Kh1 Qf1+ 1/2-1/2